00966nam a2200229 i 450000100060000000300090000600500170001500700030003200800410003510000210007624502360009726000570033330000270039049000190041765000260043670000330046270000390049583000270053485200320056199900170059395201260061046468ES-MaACL20230906161404.0t|030331s1959 sp ||||1| spa d1 aConfucio.94016910aTratados morales y políticos b: según los textos de Confucio y de sus discípulos Tseng-Chen, Tchu-Hi y otros / cConfucio ; versión establecida por J. Núñez de Prado ; con unas notas prologales de Emiliano M. Aguilera. aBarcelona : bIberia, c1959 (fGráficas Diamante) aXII, 167 p. ; c19 cm.1 aObras Maestras04aConfucianismo.9112791 aAguilera, Emiliano M.9187580 aNúñez de Prado, Javier.9861910 aObras Maestras9181001 aES-MaACLjC-16318 bR.44518 c46468d46468 00104070aATENEOMbATENEOMcGaleríad2008-01-17eSCl0oC-16318p1048871r2023-02-23 00:00:00w2023-02-23yMONOGRAFIA